| 000 | 00000nam##2200000za#4500 |
| 001 | 9.681431 |
| 003 | CaOODSP |
| 005 | 20200330070849 |
| 007 | ta |
| 008 | 150407|2000||||xxc||||| f|0| 0 fre|d |
| 020 | |a1-895813-90-5 |
| 040 | |aCaOODSP|bfre |
| 043 | |an-cn--- |
| 086 | 1 |aRH34-13/1999F |
| 110 | 1 |aCanada.|bDéveloppement des ressources humaines Canada. |bStratégie emploi jeunesse. |
| 245 | 13|aLe manuel du travail : |bun guide de ressources pour lancer votre carrière / |cPublié par le Consortium canadien des carrières. |
| 260 | |aOttawa - Ontario : |bDéveloppement des ressources humaines Canada. |c2000. |
| 300 | |a16p. ; |c25 cm. |
| 563 | |aCouverture souple |
| 590 | |a01-08|b2001-02-23 |
| 691 | 07|aOrientation professionnelle|2gcpds |
| 691 | 07|aDéveloppement professionnel|2gcpds |
| 691 | 07|aJeune adulte|2gcpds |
| 775 | 08|tThe work handbook : |w(CaOODSP)9.648049 |
| 776 | 0#|tLe manuel du travail : |w(CaOODSP)9.642401 |
| 986 | |aCCC-MT-99F |